Characterisation of organic compounds.

Saved in:
Bibliographic Details
Main Author: Wild, F. (Frank)
Format: Book
Language:English
Published: Cambridge : University Press, 1960.
Edition:2nd ed.
Subjects:
LEADER 00776nam a2200229ra 4500
001 c000098688
003 CARM
005 00000000000000.0
008 980209s1960 enk 00000 eng d
019 1 |a 13672324  |5 LACONCORD2021 
035 |a (OCoLC)154280738  |5 LACONCORD2021 
041 0 |a eng 
100 1 |a Wild, F.  |q (Frank) 
245 1 0 |a Characterisation of organic compounds. 
250 |a 2nd ed. 
260 |a Cambridge :  |b University Press,  |c 1960. 
300 |a 306 p. 
650 0 |a Chemistry, Organic. 
650 0 |a Chemistry, Analytic. 
852 8 |b CARM  |h A2:AB10A0  |i B02962  |p 0012395  |f BK 
999 f f |i 55761fea-3234-5704-aaba-0c77f59a3dda  |s f241a5b8-0ce0-53ca-9b82-25784642d34e 
952 f f |p Can circulate  |a CAVAL  |b CAVAL  |c CAVAL  |d CARM 1 Store  |e B02962  |f A2:AB10A0  |h Other scheme  |i book  |m 0012395